000 00425nam a22001457a 4500
999 _c30580
_d30580
008 191112b ||||| |||| 00| 0 eng d
020 _a9789966460332
050 _aPZ 4 .M83 2015
100 _aMwangi, Meja.
245 _aKill me quick/
_cMeja Mwangi.
260 _aNairobi;
_bE.A.E.P
_c2015.
300 _a170p.:
_c20 cm.
650 _aAfrican fiction
_vEnglish.
942 _2lcc
_cSH_L_BOOKS
_hPZ 4 .M83 2015